Odpisovanie dlhodobého hmotného majetku z daňového hľadiska

Zákon č. 548/2011 Z. z. zavádza niekoľko významných zmien v oblasti daní fyzických a právnických osôb. Zákon nadobudol účinnosť od 1. januára 2012. Zmena systému odpisovania hmotného majetku. Definícia odpisovania. Kroky pri odpisovaní hmotného majetku. Ilustračné príklady.

Gespeichert in:
Bibliographische Detailangaben
1. Verfasser: Mateášová, Martina, 1979-
Weitere Verfasser: Meluchová, Jitka, 1965-
Format: Buchkapitel
Sprache:Slowakisch
Schlagworte:
Tags: Tag hinzufügen
Keine Tags, Fügen Sie das erste Tag hinzu!

MARC

LEADER 00000naa a2200000 4500
001 0151542
005 20240502072719.0
041 0 |a slo 
044 |a SK 
245 1 0 |a Odpisovanie dlhodobého hmotného majetku z daňového hľadiska  |c Martina Mateášová, Jitka Meluchová 
520 |a Zákon č. 548/2011 Z. z. zavádza niekoľko významných zmien v oblasti daní fyzických a právnických osôb. Zákon nadobudol účinnosť od 1. januára 2012. Zmena systému odpisovania hmotného majetku. Definícia odpisovania. Kroky pri odpisovaní hmotného majetku. Ilustračné príklady. 
610 2 0 |a dane z príjmov 
610 2 0 |a legislatíva 
610 2 0 |a odpisy daňové 
610 2 0 |a osoby fyzické 
610 2 0 |a majetok hmotný 
100 1 |a Mateášová, Martina, 1979- 
700 1 |a Meluchová, Jitka, 1965-